000 01050cam a2200277 a 4500
008
020 _a9280711652 (pbk.)
090 0 _aGE30
245 0 0 _aFire, wood, water :
_breaping the benefits.
260 _aNairobi :
_bUnited Nations Environment Programme,
_c[1988]
300 _ax, 119 p. :
_bill. ;
_c25 cm.
440 0 _aExchange of environmental experience series ;
_vbk. 1
500 _a"March 1988."
500 _a"This publication was edited by INFOTERRA"--T.p. verso.
504 _aIncludes bibliographical references.
610 2 0 _aInternational Referral System for Sources of Environmental Information (United Nations)
650 0 0 _aEnvironmental sciences
_xInformation services.
710 2 _aUnited Nations Environment Programme.
710 2 _aInternational Environmental Information System (United Nations Environment Programme)
907 _a.b1023245x
_b16-02-07
_c16-02-07
003
005 20230123134400.0
040 _cNUST
049 _aMAIN
942 _cBOOKS
_kGE30
999 _c164950
_d164950